| 000 | nam a22 7a 4500 | ||
|---|---|---|---|
| 999 |
_c7216 _d7216 |
||
| 003 | OSt | ||
| 005 | 20190508170355.0 | ||
| 008 | 190508e201802 spca 000 0 spa|d | ||
| 017 |
_aDL B 1076-2018 _bBiblioteca de Catalunya |
||
| 020 |
_a9788423429097 _q(Rústica) |
||
| 040 |
_aES-BaBC _bcat _cCDMR |
||
| 100 | 1 | _aFriedman, Thomas L., | |
| 245 | 1 | 0 |
_aGracias por llegar tarde _b: cómo la tecnología, la globalización y el cambio climático van a transformar el mundo los próximos años / _cThomas L. Friedman ; traducido por Rebeca Bouvier |
| 246 | 3 | 0 | _aCómo la tecnología, la globalización y el cambio climático van a transformar el mundo los próximos años |
| 260 |
_aBarcelona : _bDeusto, _c2018 |
||
| 300 |
_a600 p. : _bil ; _c23 cm |
||
| 650 | 7 |
_aInnovacions tecnològiques _xAspectes socials _2lemac |
|
| 650 | 7 |
_aTecnologia i civilització _2lemac |
|
| 650 | 7 |
_aGeopolítica _2lemac |
|
| 650 | 7 |
_aParticipació política _2lemac |
|
| 650 | 7 |
_aGlobalització _2lemac |
|
| 700 | 1 | _aBouvier, Rebeca, | |
| 942 | _cMON | ||